Статистический анализ деятельности МЛПМУ "Межвузовская больница"; Энергия молодых - экономике России; Ч. 2

書目詳細資料
Parent link:Энергия молодых - экономике России: труды V Всероссийской научно-практической конференции студентов и молодых ученых, посвященной столетию экономического образования в Томском политехническом университете, Томск, 20-24 апреля 2004 г./ Томский политехнический университет; Вольное экономическое общество России; Энергия молодых - экономике России. Всероссийская научно-практическая конференция студентов и молодых ученых.— , 2004-
Ч. 2.— 2004.— С. 357-359
主要作者: Вакилова Л. З.
其他作者: Тарновская Л. И. Людмила Ивановна
語言:俄语
出版: 2004
主題:
格式: MixedMaterials Book Chapter
KOHA link:https://koha.lib.tpu.ru/cgi-bin/koha/opac-detail.pl?biblionumber=225437

MARC

LEADER 00000naa2a2200000 4500
001 225437
005 20231031200952.0
035 |a (RuTPU)RU\TPU\book\245783 
090 |a 225437 
100 |a 20121112d2004 k y0rusy50 ca 
101 0 |a rus 
102 |a RU 
200 1 |a Статистический анализ деятельности МЛПМУ "Межвузовская больница"  |f Л. З. Вакилова, Л. И. Тарновская 
320 |a Библиогр.: 7 назв. 
461 1 |0 (RuTPU)RU\TPU\book\82991  |t Энергия молодых - экономике России  |o труды V Всероссийской научно-практической конференции студентов и молодых ученых, посвященной столетию экономического образования в Томском политехническом университете, Томск, 20-24 апреля 2004 г.  |o В 2 ч.  |f Томский политехнический университет; Вольное экономическое общество России; Энергия молодых - экономике России. Всероссийская научно-практическая конференция студентов и молодых ученых  |d 2004- 
463 0 |0 (RuTPU)RU\TPU\book\82863  |t Ч. 2  |v С. 357-359  |d 2004 
610 1 |a больницы 
610 1 |a Межвузовская больница 
610 1 |a студенты 
610 1 |a заболевания 
610 1 |a статистический анализ 
610 1 |a труды учёных ТПУ 
700 1 |a Вакилова  |b Л. З. 
701 1 |a Тарновская  |b Л. И.  |c специалист в области менеджмента  |c доцент Томского политехнического университета, кандидат технических наук  |f 1952-  |g Людмила Ивановна  |2 stltpush  |3 (RuTPU)RU\TPU\pers\26777 
801 1 |a RU  |b 63413507  |c 20121112 
801 2 |a RU  |b 63413507  |c 20161007  |g RCR 
942 |c BK